000 00311nam a22001337a 4500
008 181206b xxu||||| |||| 00| 0 eng d
020 _a0805331018
041 _aeng
080 _a541
100 _a12
101 _aKIM
245 _aRates and Mecahnics of Chemical Reactions
_cGardiner,W.C
942 _2udc
_cBK
999 _c52941
_d52941